书目信息 |
| 题名: |
台湾精华旅游与特色饭店
|
|
| 作者: | ;华讯事业公司 编著 | |
| 分册: | ||
| 出版信息: | 北京 中国旅游出版社 2006 |
|
| 页数: | 204页 | |
| 开本: | 21cm | |
| 丛书名: | ||
| 单 册: | ||
| 中图分类: | K928.958 | |
| 科图分类: | ||
| 主题词: | 导游--台湾省 , 导游 | |
| 电子资源: | ||
| ISBN: | 7-5032-3018-5 | |
| 000 | 00816nam0 2200241 450 | |
| 001 | 003355147 | |
| 005 | 20091207100742.34 | |
| 010 | @a7-5032-3018-5@dCNY38.00 | |
| 100 | @a20070109d2006 em y0chiy0110 ea | |
| 101 | 0 | @achi |
| 102 | @aCN@b110000 | |
| 105 | @aa z 000yy | |
| 106 | @ar | |
| 200 | 1 | @a台湾精华旅游与特色饭店@9tai wan jing hua lv you yu te se fan dian@e2007@f华讯事业股份有限公司编著 |
| 210 | @a北京@c中国旅游出版社@d2006 | |
| 215 | @a204页@c彩图@d21cm | |
| 330 | @a本书将台湾分成北、中、南、东等4大区域,除了精选众多度假饭店或是商务型旅馆做了详细介绍外,还对每区邻近的知名景点做了导览说明。 | |
| 606 | 0 | @a导游@y台湾省 |
| 606 | 0 | @a导游 |
| 690 | @aK928.958@v4 | |
| 711 | 02 | @a华讯事业公司@9hua xun shi ye gong si@4编著 |
| 801 | 0 | @aCN@bNLC@c20091207 |
| 905 | @b20796800-04@dK928.958@e526@f5 | |
| 台湾精华旅游与特色饭店:2007/华讯事业股份有限公司编著.-北京:中国旅游出版社,2006 |
| 204页:彩图;21cm |
| ISBN 7-5032-3018-5:CNY38.00 |
| 本书将台湾分成北、中、南、东等4大区域,除了精选众多度假饭店或是商务型旅馆做了详细介绍外,还对每区邻近的知名景点做了导览说明。 |
| ● |
| 相关链接 |
|
|
|
|
正题名:台湾精华旅游与特色饭店
索取号:K928.958/526
 
预约/预借
| 序号 | 登录号 | 条形码 | 馆藏地/架位号 | 状态 | 备注 |
| 1 | 796800 | 207968001 | 第二样本阅览室/ [索取号:K928.958/526] | 在馆 | |
| 2 | 796801 | 207968010 | 第二借阅区/ [索取号:K928.958/526] | 在馆 | |
| 3 | 796802 | 207968029 | 第二借阅区/ [索取号:K928.958/526] | 在馆 | |
| 4 | 796803 | 207968038 | 第二借阅区/ [索取号:K928.958/526] | 在馆 | |
| 5 | 796804 | 207968047 | 密集书库-资源管理系/ [索取号:K928.958/526] | 在馆 |